00590nam a2200169 a 450000100100000000500170001000800410002702000150006804000250008324501060010826000350021430000210024950000210027050400730029170000290036470000270039300004406320201002045126.0140514s1990 sp a 000 0 spa d a8423962695 aDO-SdBNPbspacBNPHU00aEspaña :bsociedad política /cMiguel Beltrán Villalva...[et al.] ;dirigido por Salvador Giner. aMadrid :bEspasa-Calpe,c1990. a693 p. ;c27 cm. aIncluye índice aIncluye referencias bibliográficas y notas al pie de las páginas12aBeltrán, Migueld1935-12aGiner, Salvadord1934-